000 00894nam a2200229 a 4500
001 59914
003 BD-RjUL
005 20211209080800.0
008 161227s1982 bg ||||| |||| 00| 0 ben d
020 _c: TK 4.00
035 _a(BD-RjUL)60038
040 _aBD-RjUL
_bben
_cBD-RjUL
041 _aben
082 _223
_a335.437
_bDIF 1982
100 _aডিমিট্রভ, জর্জি
_9173232
245 1 0 _aফ্যাসিবাদবিরোধী সংগ্রাম ও যুক্তফ্রন্ট প্রসঙ্গে /
_cজর্জি ডিমিট্রিভ
260 _aঢাকা :
_bপ্রাচ্য প্রকাশনী,
_c১৯৮২
300 _a৭০ পৃ. ;
_c২১ সেমি.
650 _aতুলনামূলক অধ্যয়ন
_9178227
650 _aComparative Studies
_9178228
942 _2ddc
_cBK
999 _c59914
_d59914